|
|
|
|
| LEADER |
01735nam a2200421 a 4500 |
| 001 |
000030075 |
| 003 |
CZ BrMZK |
| 005 |
20180325125414.0 |
| 007 |
ta |
| 008 |
010907s1995 xr f cze d |
| 015 |
|
|
|a cnb000105059
|
| 020 |
|
|
|a 80-210-1083-5
|
| 040 |
|
|
|a BOA001
|b cze
|
| 041 |
1 |
|
|a cze
|a rus
|b rus
|b eng
|
| 080 |
|
|
|a 882"18/19":616.89
|2 MRF
|
| 100 |
1 |
|
|a Pospíšil, Ivo,
|d 1952 květen 14.-
|7 jk01100674
|4 aut
|
| 245 |
1 |
0 |
|a Fenomén šílenství v ruské literatuře 19. a 20. století /
|c Ivo Pospíšil
|
| 250 |
|
|
|a 1. vyd.
|
| 260 |
|
|
|a Brno :
|b Masarykova univerzita,
|c 1995
|
| 300 |
|
|
|a 151 s. ;
|c 24 cm
|
| 490 |
1 |
|
|a Spisy Masarykovy univerzity v Brně. Filozofická fakulta ;
|v 301
|
| 500 |
|
|
|a Souhrn angl. a rus.
|
| 500 |
|
|
|a Text též rus.
|
| 504 |
|
|
|a Obsahuje bibliografii
|
| 546 |
|
|
|a Část. ruský text, anglické a ruské resumé
|
| 653 |
0 |
|
|a ruská literatura
|a šílenství
|
| 810 |
2 |
|
|a Masarykova univerzita.
|b Filozofická fakulta.
|t Spisy
|0 s
|
| 856 |
4 |
1 |
|u http://www.digitalniknihovna.cz/mzk/uuid/uuid:f0fd2e50-4ecc-11e9-936e-005056827e52
|y Digitalizovan dokument
|
| 910 |
|
|
|a BOA001
|b 2-1011.344
|b PK-0123.981
|
| 920 |
|
|
|a 000052363
|
| 962 |
|
|
|a 616.8
|
| 962 |
|
|
|a 882
|
| 964 |
|
|
|a Literatura ruská
|x šílenství
|x motivy
|x rozbory
|z stol. 19.-20.
|
| 964 |
|
|
|a Šílenství
|x literatura ruská
|x motivy
|x rozbory
|z stol. 19.-20.
|
| 990 |
|
|
|a BK
|
| 996 |
7 |
|
|b 2610024239
|c 2-1011.344
|l MZK
|r Sklad / do 1 hodiny
|n 36
|p p.v.
|w 000030075
|u 000010
|a 1
|e BOA001
|j MZK50
|s A
|
| 996 |
6 |
|
|b 2610033885
|c 2-1011.344
|l MZK
|r Sklad / do 1 hodiny
|n 29
|p p.v.
|w 000030075
|u 000020
|a 1
|e BOA001
|j MZK50
|s P
|
| 996 |
7 |
|
|b 3119001645
|c PK-0123.981
|l MZK
|r Sklad / do 1 hodiny
|n 42
|p kup
|w 000030075
|u 000030
|a 1
|e BOA001
|j MZK50
|s A
|